00341nam a2200133Ia 4500008004100000041000800041082001500049100001400064245004500078250001400123260002700137300003200164365001100196240624s9999 xx 000 0 und d aeng a005.74 MUN aMUNDY JOY aMICROSOFT DATA WAREHOUSE TOOLKIT WITH SQ a(2nd ed.) c2011aNew DelhibWiley axlvi, : 648 : p. : cm. ; 26 cRSb33